00334nam a2200145Ia 4500008004000000041000800040082001200048100001700060245002700077260004500104650000900149650000700158650001200165650001100177210210b1935 xxu||||| |||| 00| 0 eng d aeng a824/359 aWILSON (J D) aWhat happens in Hamlet aCambridgebAt the University Pressc1935 aWhat ain ahappens aHamlet